000 00449nam a2200157Ia 4500
008 210210b1998 xxu||||| |||| 00| 0 eng d
020 _a81 7371 130 5
082 _a530.092 GRIR
100 _aGRIBBIN (John) & GRIBBIN (Mary).
245 _aRichard Feynman: a life in science.
260 _aHyderabad
_bUniversities Press (India) Ltd
_c1998
300 _axvii,301
650 _aRichard Feynman physicist
690 _aBiography
906 _a053987
999 _c102053
_d102053